000 00482nam a2200181 a 4500
001 1757569380240
003 YourLibrary
005 20250911111447.0
008 250911s2007##################000#0#eng##
020 _a9780521025959
082 0 4 _a551.518
_bSIM
100 1 _aSimpson, John E.,
_eauthor.
245 1 0 _aSea Breeze and Local Winds :
260 _bCambridge University Press,
_c2007.
650 0 _aScience.
942 _cENGLISH
040 _aYourLibrary
_beng
_cYourLibrary
999 _c586505
_d586505